Archivo General de la Nación : Indice de los ramos hospitales y protomedicato /

Este ramo comprende una amplia información sobre el régimen hospitalario en la época colonial. El ramo hospitalario está integrado por 78 volúmenes, que contienen 1031 expedientes. Los documentos que lo componen datan en su mayoría del siglo XVIII, aunque también incluye el XVI y el XVII.

Збережено в:
Бібліографічні деталі
Співавтор: Archivo General de la Nación (México)
Інші автори: Esquivel Otea, María Teresa (autor) (autor), Sánchez Sandoval, Mercedes (colaboración) (colaboración)
Формат: Книга
Мова:Іспанська
Опубліковано: México : Archivo General de la Nación, Departamento de Publicaciones, 1977, c1977
Серія:(Guías y Catálogos AGN ; 8)
Предмети:
Теги: Додати тег
Немає тегів, Будьте першим, хто поставить тег для цього запису!

MARC

LEADER 00000nam^a2200000^a^4500
001 000380597
005 20250624000000.0
009 20260310120610.004
037 |a Acervo ITESO - Biblioteca 
041 |a ESP 
082 |a 972.  |b AGN GUI V. 8 
110 |a Archivo General de la Nación (México) 
245 1 0 |a Archivo General de la Nación :  |b Indice de los ramos hospitales y protomedicato /  |c AGN, M.T. Esquivel Otea ; colaboración de M. Sánchez Sandoval. 
246 2 |a Título en la cubierta: Ramo hospitales y protomedicato 
264 4 |a México :  |b Archivo General de la Nación, Departamento de Publicaciones,  |c 1977, c1977 
300 |a 116, 6 h. 
336 |a texto  |b txt  |2 rdacontenido 
337 |a sin mediación  |b n  |2 rdamedio 
338 |a volumen  |b nc  |2 rdasoporte 
440 1 |a (Guías y Catálogos AGN ;  |v 8) 
520 |a Este ramo comprende una amplia información sobre el régimen hospitalario en la época colonial. El ramo hospitalario está integrado por 78 volúmenes, que contienen 1031 expedientes. Los documentos que lo componen datan en su mayoría del siglo XVIII, aunque también incluye el XVI y el XVII. 
649 |a XX 
650 |a Catálogos de Archivos -  |z México (Ciudad) 
650 |a Catálogos de Archivos -  |z México 
650 |a Archivo General de la Nación -  |z México -  |x Tema Principal 
650 |a Archivos -  |z México (Ciudad) 
650 |a Archivos -  |z México 
650 |a Hospitales -  |z México -  |x Historia -  |y Epoca Colonial, 1517-1821 -  |x Documentos -  |x Tema Principal 
650 |a Servicios Médicos y de Salud -  |z México -  |x Historia -  |x Documentos -  |x Tema Principal 
650 |a México -  |x Historia -  |y Epoca Colonial, 1517-1821 -  |x Documentos -  |x Tema Principal 
650 |a México -  |x Historia -  |x Documentos 
700 |a Esquivel Otea, María Teresa  |e (autor) 
700 |a Sánchez Sandoval, Mercedes  |e (colaboración) 
910 |a Fondo General 
920 |a Impresos - Libros 
930 |a Colección General 
905 |a 101 
901 |a 0500275508  |b IT1  |c ACC  |i D78812  |u 20250624 
902 |a https://opac.biblio.iteso.mx/vufind/Record/000380597